| 000 | 01252nam0a22002531 4500 | ||
|---|---|---|---|
| 001 | rc\3226650 | ||
| 005 | 20250609164645.0 | ||
| 035 | _a(NLR Aleph) 007367966 | ||
| 090 |
_a6377285 _c6377285 |
||
| 100 | _a20130115d1974 |||y0rusy50 ca | ||
| 101 | 0 | _arus | |
| 102 | _aRU | ||
| 105 | _ay z ||||| | ||
| 200 | 1 |
_aРасследование по делам о несчастных случаях с людьми на железнодорожном транспорте наступивших в результате нарушения правил безопасности движения _eПособие для следователей _fВсесоюз. ин-т по изучению причин и разработке мер предупреждения преступности. Следств. упр. Прокуратуры СССР |
|
| 210 |
_aМосква _cБ. и. _d1974 |
||
| 215 |
_a99 с. _d20 |
||
| 333 | _aДля служебного пользования. Экз. № 06 | ||
| 700 | 1 |
_aЕгоров _bА.П. _gАлександр Петрович |
|
| 701 | 1 |
_aТюрин _bС.В. _gСергей Васильевич |
|
| 801 | 0 |
_aRU _bNLR _gpsbo |
|
| 801 | 1 |
_aRU _bELAR _2rusmarc |
|
| 852 |
_aNLR _j74-50К/3707 |
||
| 942 | _cBOOK | ||
| 980 | _aNB | ||